Radio system design for telecommunications (Record no. 9892)
[ view plain ]
| 000 -LEADER | |
|---|---|
| fixed length control field | 00573 a2200169 4500 |
| 020 ## - INTERNATIONAL STANDARD BOOK NUMBER | |
| International Standard Book Number | 9780471757139 |
| 040 ## - CATALOGING SOURCE | |
| Original cataloging agency | DLC |
| Language of cataloging | DLC |
| 082 00 - DEWEY DECIMAL CLASSIFICATION NUMBER | |
| Classification number | 621.384156 |
| 100 1# - MAIN ENTRY--PERSONAL NAME | |
| Personal name | Freeman, Roger L. |
| 245 10 - TITLE STATEMENT | |
| Title | Radio system design for telecommunications |
| Statement of responsibility, etc. | Roger L. Freeman. |
| 250 ## - EDITION STATEMENT | |
| Edition statement | 3rd ed. |
| 260 ## - PUBLICATION, DISTRIBUTION, ETC. | |
| Place of publication, distribution, etc. | New York : |
| Name of publisher, distributor, etc. | IEEE ; |
| Place of publication, distribution, etc. | Hoboken, N.J. : |
| Name of publisher, distributor, etc. | Wiley-Interscience, |
| Date of publication, distribution, etc. | c2007. |
| 300 ## - PHYSICAL DESCRIPTION | |
| Extent | xxv, 880 p. : |
| Other physical details | ill. ; |
| Dimensions | 25 cm. |
| 440 #0 - SERIES STATEMENT/ADDED ENTRY--TITLE | |
| Title | Wiley series in telecommunications and signal processing |
| 650 #0 - SUBJECT ADDED ENTRY--TOPICAL TERM | |
| Topical term or geographic name entry element | Radio relay systems |
| General subdivision | Design and construction. |
| 942 ## - ADDED ENTRY ELEMENTS (KOHA) | |
| Koha item type | Book |
| Call number prefix | 621.384156 FRE |
| Source of classification or shelving scheme | |
| Withdrawn status | Lost status | Damaged status | Not for loan | Collection code | Permanent Location | Current Location | Shelving location | Date acquired | Source of acquisition | Cost, normal purchase price | Total Checkouts | Full call number | Barcode | Date last seen | Date last checked out | Price effective from | Koha item type | Total Renewals |
|---|---|---|---|---|---|---|---|---|---|---|---|---|---|---|---|---|---|---|
| Central Library (CL) | Central Library (CL) | General Stacks | 12/19/2007 | A & J Def Tek Concultants | 9441.67 | 1 | 621.384156 FRE | SEECS008824 | 07/12/2015 | 01/22/2014 | 01/05/2017 | Book | ||||||
| Central Library (CL) | Central Library (CL) | General Stacks | 09/17/2010 | x.Press | 9472.60 | 4 | 621.384156 FRE | SEECS010164 | 01/08/2020 | 09/05/2019 | 01/05/2017 | Book | 1 | |||||
| Central Library (CL) | Central Library (CL) | General Stacks | 09/17/2010 | x.Press | 9472.60 | 1 | 621.384156 FRE | SEECS010168 | 02/09/2015 | 09/20/2014 | 01/05/2017 | Book | ||||||
| Central Library (CL) | Central Library (CL) | General Stacks | 09/17/2010 | x.Press | 9472.60 | 5 | 621.384156 FRE | SEECS010167 | 10/12/2023 | 02/23/2021 | 01/05/2017 | Book | 2 | |||||
| Central Library (CL) | Central Library (CL) | General Stacks | 09/17/2010 | x.Press | 9472.60 | 621.384156 FRE | SEECS010166 | 06/19/2023 | 01/05/2017 | Book | ||||||||
| Central Library (CL) | Central Library (CL) | General Stacks | 09/17/2010 | x.Press | 9472.60 | 3 | 621.384156 FRE | SEECS010165 | 02/04/2015 | 09/06/2014 | 01/05/2017 | Book | 1 |
